00570nam a2200181Ia 4500008004100000082000800041100002100049245007300070250000600143260003300149300001000182500002400192650002900216700002900245942000700274952009000281999001700371230524s9999 xx 000 0 und d bNAY aK.C.Nayak941957 0aOrganisational Behaviour: Expected Question Answers for B.Tech & MBA a1 aBBSRbLaxmi Prakashansc2010 a314p; aQuantity Number: 1 aOrganisational Behaviour a B.K.S.S Pattnaik941958 cBK 00104070aTATCLbTATCLcGENd2023-05-24l0o NAYp53819r2023-05-24w2023-05-24yBK c56373d56373